<?xml version="1.0" encoding="UTF-8"?>
<record
    xmlns:xsi="http://www.w3.org/2001/XMLSchema-instance"
    xsi:schemaLocation="http://www.loc.gov/MARC21/slim http://www.loc.gov/standards/marcxml/schema/MARC21slim.xsd"
    xmlns="http://www.loc.gov/MARC21/slim">

  <leader>00765cam a22002051  4500</leader>
  <controlfield tag="001">ne 63000599 </controlfield>
  <controlfield tag="003">DLC</controlfield>
  <controlfield tag="005">20260227111743.0</controlfield>
  <controlfield tag="008">820621m19601963ua            000 0 ararc</controlfield>
  <datafield tag="010" ind1=" " ind2=" ">
    <subfield code="a">ne 63000599 </subfield>
  </datafield>
  <datafield tag="035" ind1=" " ind2=" ">
    <subfield code="a">(OCoLC)8534500</subfield>
  </datafield>
  <datafield tag="040" ind1=" " ind2=" ">
    <subfield code="a">Princeton Univ. Libr.</subfield>
    <subfield code="c">TU</subfield>
    <subfield code="d">TU</subfield>
    <subfield code="d">DLC</subfield>
  </datafield>
  <datafield tag="042" ind1=" " ind2=" ">
    <subfield code="a">premarc</subfield>
  </datafield>
  <datafield tag="050" ind1="0" ind2="0">
    <subfield code="a">PJ6106</subfield>
    <subfield code="b">.H35</subfield>
  </datafield>
  <datafield tag="100" ind1="1" ind2=" ">
    <subfield code="a">&#x1E24;asan, &#x2BB;Abb&#x101;s.</subfield>
  </datafield>
  <datafield tag="245" ind1="1" ind2="3">
    <subfield code="a">al-Na&#x1E25;w al-w&#x101;f&#x12B;,</subfield>
    <subfield code="b">al-qism al-m&#x16B;jaz li-&#x1E6D;alabat al-j&#x101;mi&#x2BB;&#x101;t wa-al-mufa&#x1E63;&#x1E63;al lil-as&#x101;tidhah wa-al-mutakha&#x1E63;&#x1E63;i&#x1E63;&#x12B;n ma&#x2BB; rab&#x1E6D;ihi bi-al-as&#x101;l&#x12B;b al-raf&#x12B;&#x2BB;ah wa-al-&#x1E25;ay&#x101;t al-lughaw&#x12B;yah al-Mutjaddidah.</subfield>
    <subfield code="c">ta&#x2BC;l&#x12B;f &#x2BB;Abb&#x101;s &#x1E24;asan.</subfield>
  </datafield>
  <datafield tag="260" ind1=" " ind2=" ">
    <subfield code="a">Mi&#x1E63;r,</subfield>
    <subfield code="b">D&#x101;r al-Ma&#x2BB;earif</subfield>
    <subfield code="c">[1960-1963]</subfield>
  </datafield>
  <datafield tag="300" ind1=" " ind2=" ">
    <subfield code="a">4 v.</subfield>
    <subfield code="c">24 cm.</subfield>
  </datafield>
  <datafield tag="650" ind1=" " ind2="0">
    <subfield code="a">Arabic language</subfield>
    <subfield code="x">Grammar.</subfield>
  </datafield>
  <datafield tag="999" ind1=" " ind2=" ">
    <subfield code="c">45706</subfield>
    <subfield code="d">45706</subfield>
  </datafield>
</record>
